01689nam a22004097a 4500003000500000005001700005008004100022010001000063011001000073035001000083040000900093090001000102100003700112245012900149260004000278300001000318502007500328590003700403590004100440590004100481590004100522590004100563590004100604590004100645590004200686650003500728650003200763650003500795650005700830901000700887942000900894949004300903949005500946999001701001952013301018952012801151CHAP20220329141108.0971013s1994 r 00010 d a62519 a63491 a67667 cCHAP aTesis00aMartínez Nieto, Sergio.972341 aEvaluación biológica de dietas con niveles variables de energía metabolizable y proteína cruda para pollo de engorda aChapingo, Méx. :bEl autor,c1994 a40 h. aTesis (Ing. Agr. Esp. en Zootecnia) -- UACH. Departamento de Zootecnia aALEPHb10c20130110lUCH01h1345 aBATCH-UPDb10c20130110lUCH01h0002 aBATCH-UPDb10c20130110lUCH01h0306 aBATCH-UPDb10c20130110lUCH01h1706 aBATCH-UPDb10c20130409lUCH01h1937 aBATCH-UPDb10c20130410lUCH01h0316 aBATCH-UPDb10c20130914lUCH01h0447 aCONVERSIONb10c20130109lUCH01h133414aAves de corralxEngorda.9864714aAves de corralxPeso.9867414aEnergía metabólica.93690614aProteínas en nutrición de aves de corral.992455 aBK cFOLL bBCcTESd-153041eTS1h31190i67667si bBCcTESd33724000635397eTS2fc.2h31191i67667si c62519d62519 00102local4053708TESISaBCbBCcPA_TESISd2019-12-31fTESISl0p33724000635397r2019-12-31 00:00:00tc.2w2019-12-31yTESIS 00102local4051708TESISaBCbBCcPA_TESISd2019-12-31fTESISl0oTesisp-153041r2019-12-31 00:00:00w2019-12-31yTESIS